000 00413nam a2200181Ia 4500
003 0100
008 130227s9999 xx 000 0 und d
040 _cARRUPELIB
050 _aBJ37.A67 2007
100 _aAppiah, Kwame Anthony
245 _aExperiments in ethics
260 _aCambridge
260 _bHarvard University Press
260 _C2008
300 _a274p.
300 _b 21cm.
942 _2lcc
_01
999 _c6120
_d6120